000 00793nam a22003010a 4500
001 PT58313
003 AR-LpoUNG
005 20210131231849.0
008 191001s2016||||ag |||||||||||||||||spa d
020 _a9789501136975
_c$3
040 _aAR-LpoUNG
_bspa
_cAR-LpoUNG
_eaacr
041 _aspa
044 _aag
082 0 _a808.068 3 574gal
100 1 _aCinetto, Liliana
245 1 3 _aEl galpón del abuelo
250 _a1ra. ed.
260 _aBuenos Aires :
_bSigmar,
_c2016.
300 _a15 p. :
_bil.
505 0 _aSugerido a partir de 6 años (etiqueta AMARILLA)
650 4 _aCUENTOS
650 4 _aLITERATURA
651 4 _aDOCUMENTOS TEORICOS O METODOLOGICOS
653 _aLITERATURA INFANTIL
700 1 _aAlejandro, Rocío
_eil.
905 _a58313
942 _cLIB
999 _c12292
_d12292